|
|
|
|
| LEADER |
01562nam a2200289 u 4500 |
| 001 |
10112709 |
| 003 |
upatras |
| 005 |
20210527180946.0 |
| 008 |
140506s2007 gr gre |
| 020 |
|
|
|a 9789608145665
|
| 040 |
|
|
|a GR-PaULI
|c GR-PaULI
|
| 041 |
0 |
|
|a gre
|
| 082 |
0 |
4 |
|a 938.23
|
| 100 |
1 |
|
|a Ανδρειωμένου, Αγγελική Κ.
|4 aut
|9 138183
|
| 245 |
1 |
0 |
|a Τανάγρα
|b η ανασκαφή του νεκροταφείου (1976-1977, 1989)
|c Αγγελική Κ.Ανδρειωμένου
|
| 260 |
|
|
|a Αθήνα
|b Η εν Αθήναις Αρχαιολογική Εταιρεία
|c 2007
|
| 300 |
|
|
|a xxii., ποικ/λη σελ/μηση
|b εικ., σχήμ.
|c 29 εκ.
|
| 490 |
0 |
|
|a Βιβλιοθήκη της εν Αθήναις Αρχαιολογικής Εταιρείας
|v 252
|
| 504 |
|
|
|a Περιλαμβάνει βιβλιογραφία
|
| 650 |
|
4 |
|a Ανασκαφές (Αρχαιολογία)
|z Ελλάδα
|z Βοιωτία (Νομός)
|z Τανάγρα
|9 138184
|
| 651 |
|
4 |
|a Τανάγρα (Βοιωτία, Ελλάδα)
|x Αρχαιότητες
|9 138185
|
| 760 |
0 |
|
|a Βιβλιοθήκη της εν Αθήναις Αρχαιολογικής Εταιρείας
|g 252
|
| 852 |
|
|
|a GR-PaULI
|b ΠΑΤΡΑ
|b ΑΡΧΙΤΕΚΤΟΝΙΚΗ
|k ΑΣΧΕ-2
|h 938.23 ΑΝΔ
|m 010371
|p 025000214360
|t 1
|
| 942 |
|
|
|2 ddc
|c BK15
|
| 952 |
|
|
|0 0
|1 0
|4 0
|6 938_230000000000000_ΑΝΔ
|7 0
|9 165853
|a ARCH
|b ARCH
|d 2016-04-24
|i 010371
|l 0
|o 938.23 ΑΝΔ
|p 025000214360
|r 2016-04-24 00:00:00
|t 1
|w 2016-04-24
|y BK15
|
| 998 |
|
|
|c Λοτσάρη
|d 2014-05
|
| 999 |
|
|
|c 103908
|d 103908
|